Top 50 Baby Boy Names Beginning with F - Statistics

General Stats
  • This quiz has been taken 662 times
  • The average score is 20 of 50
Answer Stats
Hint Answer % Correct
9 Frank
94%
35 Fred
86%
1 Finn
81%
12 Francis
81%
29 Fynn
81%
13 Frederick
78%
27 Fredrick
78%
32 Freddie
64%
24 Freddy
64%
33 Fredy
64%
7 Franklin
58%
2 Felix
57%
49 Finlay
57%
4 Finley
57%
14 Finnley
57%
23 Frankie
55%
16 Flynn
54%
3 Francisco
52%
25 Francesco
51%
8 Fabian
46%
5 Fernando
45%
44 Filip
45%
17 Forest
41%
11 Forrest
41%
6 Finnegan
36%
39 Finnigan
36%
18 Felipe
33%
10 Ford
31%
47 Fabio
30%
20 Fox
29%
41 Floyd
25%
22 Foster
25%
28 Faris
24%
21 Franco
23%
40 Flint
22%
36 Fischer
18%
19 Fisher
18%
15 Fletcher
18%
50 Fritz
18%
30 Finneas
16%
43 Frederico
16%
37 Fitz
13%
42 Fulton
13%
45 Fenix
9%
38 Fitzgerald
9%
34 Fidel
7%
31 Finnick
6%
26 Finnian
5%
48 Faisal
4%
46 Farhan
3%
No matching quizzes found
Score Distribution
Percent of People with Each Score
Percentile by Number Answered
Your Score History
You have not taken this quiz